00232nam a2200085Ia 4500001000800000005001700008008004100025245003900066260004100105125139220251031150914.0251031s9999 xx 000 0 und d 0cSUSANNA DAVİDSONaS-2 PENGUENLER bTÜRKİYE İŞ BANKASI YAYINLARI